000 01763nam a2200217Ia 4500
003 Ost
005 20260507075727.0
008 260507s9999||||xx |||||||||||||| ||und||
040 _cfsecg
041 _aara
082 _a351.374
100 _aزويل، محمد امين
_eمؤلف
245 0 _aاصول السكرتارية التطبيقية /
_c محمد امين زويل
260 _aالاسكندرية:
_bمكتبة المعارف الحديثة,
_c[د.ت.]
300 _a142 صفحة؛
_c24 سم
490 _aسلسله كتب مهارات حول الفكر الاداري والمحاسبي الحديث
504 _aبيبليوغرافيا : ص.141
520 _aأولا المهارات العامة مهارات الحديث ؛ مهارات المشاركة في المناقشات ؛ مهارات الحصول على المعلومات ، مهارات الرد على التليفون واستخدامه محليا ودوليا ، مهارات حسن الاستماع ، مهارات قراءة المراسلات، مهارات قراءة الفاكسات مهارات القراءة التفصيلية ، مهارات النظام والترتيب مهارات روح الفريق ثانيا : المهارات التخصيصية مهارات التدوين بسجلات البريد ، مهارة عمل وتطبيق أنظمة الفهرسة ، مهارات حفظ المستندات والملفات ، مهارات حفظ المستندات والملفات ، مهارات الاستدلال ،مهارة فن كتابة مراسلات التجارة الداخلية ، مهارات اعداد الفواتير ، مهارة كتابة التقارير
653 _aالسكرتارية- مهنة
942 _cكتاب
999 _c45987
_d45987